00944nam a22002777a 45000010005000000030006000050050017000110080041000280200015000690200018000840400029001020500013001310820011001441000019001552450066001742500022002402600035002623000045002975050007003425200185003495210019005345210018005536500030005716500033006017000032006344763FISKH20260325100626.0241009b cb ||||| |||| 00| 0 eng d a0545351316 a9780545351317 aFISKHbengcFISKHdFISKH aPZ8.H755 a398.21 aHong, Toy Lily aTwo of everything / cRetold and illustrated by Lily Toy Hong aPublished in 1993 aNew York :bScholastic,c1993. a28 pages :bColor illustrations ;c22 cm aQ  aA poor old Chinese farmer finds a magic brass pot that doubles or duplicates whatever is placed inside it, but his efforts to make himself wealthy lead to unexpected complications.8 a620L bLexile 8 aQ bRaz-Plus  2ChinaaDoublingvCounting 2MultiplicationaPicture book aHong, Toy LilydIllustrator